000 00502nam a22001337a 4500
082 _a BIT-10 AHS
100 _aAhsan Rehman
_992269
245 _a trend and predictive analysis of karachi stock exchange (30-index) using IBM cognos BI and IBM SPS
260 _aIslamabad
_bNUST School of Electrical Engineering and Computer Science
_c2013
300 _a114p. :
_eCD-ROM
500 _aSupervisor: Mr. Atif Kamal
856 _uhttp://10.250.8.41:8080/xmlui/handle/123456789/11756
942 _cPR
_2ddc
999 _c12730
_d12730